[Event "39th Olympiad Women"]
[Site "Khanty-Mansiysk RUS"]
[Date "2010.09.29"]
[Round "8"]
[White "Ibrahim, Delbak Ismael"]
[Black "Sabure, Tuduetso"]
[Result "1/2-1/2"]
[WhiteTitle "WIM"]
[BlackTitle "WGM"]
[WhiteElo "1954"]
[BlackElo "2019"]
[Board "46.1"]
[WhiteTeam "IRQ"]
[BlackTeam "BOT"]
[WhiteFideId "4803116"]
[BlackFideId "11300248"]
[EventDate "2010.09.21"]
[EventType "team"]

1. e4 c5 2. Nc3 e5 3. Bc4 Nc6 4. d3 h6 5. f4 d6 6. Nf3 Nf6 7. O-O Be7 8. Bd2 O-O
9. fxe5 dxe5 10. Nd5 Be6 11. Nxf6+ Bxf6 12. Be3 Bxc4 13. dxc4 b6 14. Nd2 Bg5 15.
Bxg5 Qxg5 16. Qe1 Nd4 17. Rc1 Rad8 18. Rf2 Rd6 19. c3 Nc6 20. Nf3 Qg4 21. h3 Qe6
22. Rd2 Rxd2 23. Nxd2 Rd8 24. Qe2 Ne7 25. Kh2 Ng6 26. g3 h5 27. Nf3 f6 28. Rc2
a5 29. b3 Ne7 30. Rd2 Rd6 31. Rxd6 Qxd6 32. Qd2 Qxd2+ 33. Nxd2 Kf7 34. Kg2 f5
35. exf5 Nxf5 36. Kf3 Ke6 37. Ne4 Nh6 38. a3 g6 39. g4 Ng8 40. Ng5+ Kd6 41. Nf7+
Ke6 42. Ng5+ Kf6 1/2-1/2

[Event "39th Olympiad Women"]
[Site "Khanty-Mansiysk RUS"]
[Date "2010.09.29"]
[Round "8"]
[White "Lopang, Tshepiso"]
[Black "Mohammed Qane,Jannar Worya"]
[Result "0-1"]
[WhiteTitle "WCM"]
[BlackTitle "WFM"]
[WhiteElo "1932"]
[BlackElo "1906"]
[Board "46.2"]
[WhiteTeam "BOT"]
[BlackTeam "IRQ"]
[WhiteFideId "11300515"]
[BlackFideId "4802144"]
[EventDate "2010.09.21"]
[EventType "team"]

1. d4 Nf6 2. c4 e6 3. Nc3 b6 4. Nf3 Bb7 5. e3 Be7 6. Be2 O-O 7. O-O d6 8. Qc2 c5
9. dxc5 dxc5 10. Rd1 Qc8 11. b3 Nc6 12. a3 a6 13. Bb2 Qc7 14. Ne4 e5 15. Bd3 h6
16. Qc3 Rfe8 17. Rd2 Na5 18. Qc2 Nxe4 19. Bxe4 Bxe4 20. Qxe4 Nxb3 21. Bxe5 Nxd2
22. Nxd2 Bd6 23. Bxd6 Qxd6 24. Qd5 Red8 25. e4 Qf4 26. Qb7 Qxd2 27. h3 Qb2 28.
Re1 Qxa3 29. Qxb6 Qb4 30. Qc6 Qxe1+ 0-1

[Event "39th Olympiad Women"]
[Site "Khanty-Mansiysk RUS"]
[Date "2010.09.29"]
[Round "8"]
[White "Kareen, Jalaluldeen"]
[Black "Mudongo, Boikhutso"]
[Result "1/2-1/2"]
[WhiteTitle "WCM"]
[BlackTitle "WFM"]
[WhiteElo "1790"]
[BlackElo "1876"]
[Board "46.3"]
[WhiteTeam "IRQ"]
[BlackTeam "BOT"]
[WhiteFideId "4801776"]
[BlackFideId "11300230"]
[EventDate "2010.09.21"]
[EventType "team"]

1. d4 Nf6 2. c4 e6 3. Nc3 b6 4. Bg5 Be7 5. Nf3 Bb7 6. e3 O-O 7. Bd3 h6 8. Bh4 c5
9. O-O cxd4 10. exd4 d6 11. Rc1 Nbd7 12. Bb1 d5 13. Qc2 Ne4 14. Nxe4 dxe4 15.
Bxe7 Qxe7 16. Rfe1 f5 17. Nd2 Qg5 18. Re3 Nf6 19. Rg3 Qf4 20. Nf1 Qd6 21. Qd2 f4
22. Rgc3 Ng4 23. h3 e3 24. fxe3 fxe3 25. Qe2 Rf2 26. Qxg4 Rxg2+ 27. Qxg2 Bxg2
28. Kxg2 Qxd4 29. Nxe3 Rf8 30. Rd1 Qe5 31. Rf1 Qg5+ 32. Kh2 Rxf1 33. Nxf1 Qf4+
34. Kg1 Qd4+ 35. Kg2 e5 36. Bg6 e4 37. a3 Qe5 38. h4 Qf4 39. h5 Qe5 40. Ng3 Qg5
41. Bxe4 Qd2+ 42. Kf3 Qxb2 43. Rd3 Qf6+ 44. Nf5 Qg5 45. Ng3 Qe7 46. Nf5 Qg5 47.
Ng3 Qf6+ 48. Nf5 Qg5 49. Ng3 Kf8 50. Rd5 Qe7 1/2-1/2

[Event "39th Olympiad Women"]
[Site "Khanty-Mansiysk RUS"]
[Date "2010.09.29"]
[Round "8"]
[White "Marzouk, Amira"]
[Black "Amadasun, Rosemary"]
[Result "0-1"]
[WhiteTitle "WCM"]
[WhiteElo "1745"]
[BlackElo "1900"]
[Board "47.3"]
[WhiteTeam "TUN"]
[BlackTeam "NGR"]
[WhiteFideId "5501148"]
[BlackFideId "8500983"]
[EventDate "2010.09.21"]
[EventType "team"]

1. e4 e5 2. Nf3 Nc6 3. d4 exd4 4. Bc4 Be7 5. c3 d6 6. cxd4 Nf6 7. Qb3 O-O 8. e5
dxe5 9. dxe5 Ng4 10. e6 Bb4+ 11. Nc3 Bxc3+ 12. bxc3 Re8 13. O-O Bxe6 14. Bxe6
Rxe6 15. Ng5 Re7 16. Qxb7 Nce5 17. Qb1 Qd3 18. Ba3 Qxb1 19. Raxb1 Rd7 20. h3 Nf6
21. Rfd1 Rxd1+ 22. Rxd1 h6 23. Nf3 Nxf3+ 24. gxf3 Re8 25. Bc5 a6 26. Kf1 Kh7 27.
Rd4 Re6 28. Bb4 Kg6 29. a3 h5 30. Rd1 Kf5 31. Bf8 g6 32. Rd4 Rc6 33. Bb4 g5 34.
Ke2 Ne8 35. Rd7 f6 36. Rh7 Kg6 37. Rd7 Nd6 38. Bxd6 cxd6 39. Kd3 Kf5 40. Rh7 h4
41. Re7 Rb6 42. Kc4 Rb2 43. Kd5 Rxf2 44. Kxd6 Rxf3 45. c4 Rxh3 0-1

[Event "39th Olympiad Women"]
[Site "Khanty-Mansiysk RUS"]
[Date "2010.09.29"]
[Round "8"]
[White "Nakagawa, Emiko"]
[Black "Pacheco Medina, Hilzandryly"]
[Result "1-0"]
[WhiteTitle "WCM"]
[WhiteElo "1806"]
[BlackElo "1875"]
[Board "49.1"]
[WhiteTeam "JPN"]
[BlackTeam "PUR"]
[WhiteFideId "7000480"]
[BlackFideId "3100480"]
[EventDate "2010.09.21"]
[EventType "team"]

1. d4 Nf6 2. c4 c5 3. d5 b5 4. cxb5 a6 5. bxa6 Nxa6 6. Nc3 g6 7. g3 Bg7 8. Bg2
d6 9. Nf3 O-O 10. O-O Nb4 11. e4 Bg4 12. h3 Bd7 13. a3 Qc8 14. Kh2 c4 15. Be3
Nd3 16. Qc2 Nh5 17. Nd4 Bxd4 18. Bxd4 f5 19. Rad1 fxe4 20. Nxe4 Ba4 21. Qd2 Bxd1
22. Rxd1 Qf5 23. Rf1 Rab8 24. Bc3 Ne5 25. f4 Nxf4 26. Rxf4 Qd7 27. Rxf8+ Rxf8
28. Qe2 Nd3 29. Qe3 Ne5 30. Qd4 h6 31. Nd2 Qc8 32. Qe3 Nf7 33. Qxe7 Qf5 34. Qf6
Qxf6 35. Bxf6 Rc8 36. Bc3 Kf8 37. Bf1 1-0

[Event "39th Olympiad Women"]
[Site "Khanty-Mansiysk RUS"]
[Date "2010.09.29"]
[Round "8"]
[White "Wakabayashi, Hisako"]
[Black "Vazquez Maccarini, Danitza"]
[Result "0-1"]
[BlackTitle "WFM"]
[WhiteElo "1493"]
[BlackElo "1818"]
[Board "49.3"]
[WhiteTeam "JPN"]
[BlackTeam "PUR"]
[WhiteFideId "7001053"]
[BlackFideId "3101193"]
[EventDate "2010.09.21"]
[EventType "team"]

1. e4 c5 2. f4 Nc6 3. Nf3 e6 4. g3 g6 5. Bg2 Bg7 6. c3 Nge7 7. O-O d6 8. d3 O-O
9. Be3 Rb8 10. Nbd2 b5 11. a3 a5 12. Qe2 b4 13. Rac1 Ba6 14. c4 Bxb2 15. Rb1
bxa3 16. Ne1 a2 17. Rd1 a1=Q 18. Rxa1 Bxa1 19. Nef3 Bb2 20. Ng5 a4 21. Qg4 h5
22. Qh4 Bf6 23. g4 Bxg5 24. fxg5 hxg4 25. Qxg4 a3 26. Qd1 a2 27. Nb3 Qb6 28. Rf2
Qxb3 29. Qxb3 Rxb3 30. Rxa2 Nb4 31. Bf4 Nxa2 32. Bxd6 Re8 33. Bxc5 Rxd3 0-1

[Event "39th Olympiad Women"]
[Site "Khanty-Mansiysk RUS"]
[Date "2010.09.29"]
[Round "8"]
[White "Jalal, Amani"]
[Black "Chen, I-Chen"]
[Result "0-1"]
[WhiteElo "1708"]
[BlackElo "1699"]
[Board "51.1"]
[WhiteTeam "YEM"]
[BlackTeam "TPE"]
[WhiteFideId "9401474"]
[BlackFideId "16300181"]
[EventDate "2010.09.21"]
[EventType "team"]

1. e4 e5 2. Nf3 Nc6 3. Bc4 Bc5 4. c3 Nf6 5. d4 exd4 6. cxd4 Bb4+ 7. Nc3 Nxe4 8.
O-O Bxc3 9. bxc3 d5 10. Bb3 O-O 11. Bc2 Bf5 12. Bb2 Re8 13. Nd2 Qg5 14. Nf3 Qf6
15. Re1 Bg4 16. Qd3 Bxf3 17. gxf3 Qg5+ 0-1

[Event "39th Olympiad Women"]
[Site "Khanty-Mansiysk RUS"]
[Date "2010.09.29"]
[Round "8"]
[White "Lin, Yu-Tong Elaine"]
[Black "Awad, Omaima"]
[Result "1-0"]
[BlackTitle "WCM"]
[WhiteElo "1464"]
[BlackElo "1669"]
[Board "51.2"]
[WhiteTeam "TPE"]
[BlackTeam "YEM"]
[WhiteFideId "16300149"]
[BlackFideId "9400117"]
[EventDate "2010.09.21"]
[EventType "team"]

1. e4 e5 2. Nf3 Nc6 3. Bb5 a6 4. Ba4 Bc5 5. O-O d6 6. h3 Nf6 7. Re1 O-O 8. c3 b5
9. Bc2 h6 10. d4 Bb6 11. Qd3 exd4 12. Nxd4 Bxd4 13. cxd4 Nb4 14. Qd2 Nxc2 15.
Qxc2 Bb7 16. Nd2 Re8 17. b3 Nd7 18. Bb2 Rc8 19. Rac1 Qg5 20. Re3 Qg6 21. d5 f6
22. Rg3 Qf7 23. Nf3 Nc5 24. Re1 Qh5 25. Bxf6 g6 26. Rg4 Rf8 27. Rh4 Rxf6 28.
Rxh5 gxh5 29. Nd4 Kh8 30. Qe2 Re8 31. Qxh5 Re5 32. Qh4 Kg7 33. f3 Bxd5 1-0

[Event "39th Olympiad Women"]
[Site "Khanty-Mansiysk RUS"]
[Date "2010.09.30"]
[Round "9"]
[White "Kosintseva, Tatiana"]
[Black "Bojkovic, Natasa"]
[Result "1/2-1/2"]
[WhiteTitle "GM"]
[BlackTitle "IM"]
[WhiteElo "2573"]
[BlackElo "2368"]
[Board "1.1"]
[WhiteTeam "RUS1"]
[BlackTeam "SRB"]
[WhiteFideId "4133471"]
[BlackFideId "908550"]
[EventDate "2010.09.21"]
[EventType "team"]

1. e4 c5 2. Nf3 e6 3. d4 cxd4 4. Nxd4 a6 5. Bd3 d6 6. O-O Nd7 7. c4 g6 8. Nc3
Bg7 9. Nf3 Qc7 10. Bf4 Bxc3 11. bxc3 e5 12. Bg5 Nc5 13. Bc2 Be6 14. Nd2 h6 15.
Be3 Nf6 16. h3 g5 17. Rb1 b6 18. Qe2 Ke7 19. Rb4 Rab8 20. Rfb1 Rhc8 21. Kh2 Ncd7
22. Bd3 Nc5 23. Bc2 Ncd7 24. Bd3 Nc5 25. Bc2 1/2-1/2

[Event "39th Olympiad Women"]
[Site "Khanty-Mansiysk RUS"]
[Date "2010.09.30"]
[Round "9"]
[White "Chelushkina, Irina"]
[Black "Kosintseva, Nadezhda"]
[Result "0-1"]
[WhiteTitle "WGM"]
[BlackTitle "IM"]
[WhiteElo "2325"]
[BlackElo "2565"]
[Board "1.2"]
[WhiteTeam "SRB"]
[BlackTeam "RUS1"]
[WhiteFideId "928615"]
[BlackFideId "4134974"]
[EventDate "2010.09.21"]
[EventType "team"]

1. e4 c5 2. Nf3 Nc6 3. d4 cxd4 4. Nxd4 Nf6 5. Nc3 d6 6. Bg5 e6 7. Qd2 a6 8.
O-O-O h6 9. Bf4 Bd7 10. Nxc6 Bxc6 11. Qe1 Qa5 12. Bc4 Be7 13. Bb3 Rd8 14. h4 Qc7
15. f3 b5 16. Kb1 a5 17. a3 O-O 18. Ne2 Ra8 19. Qd2 Rfd8 20. g4 e5 21. Bxh6 d5
22. Bxg7 Kxg7 23. Ng3 Kh8 24. exd5 Bf8 25. Qc3 a4 26. Ba2 Rd6 27. Nf5 Nxd5 28.
Bxd5 Rf6 29. f4 Re8 30. Rhe1 Qb6 31. fxe5 b4 32. axb4 Bxb4 33. Qe3 Bxd5 34. Rxd5
Bxe1 35. Qxe1 a3 36. Qc3 a2+ 37. Ka1 Qg1+ 38. Kxa2 Ra6+ 39. Ra5 Rxa5+ 40. Qxa5
Qxg4 41. Nd6 Qe6+ 42. c4 Re7 43. Qa8+ Kh7 44. Qe4+ Kg8 45. Nf5 Ra7+ 46. Kb3 Kf8
47. Kc3 Ra5 48. Nd4 Qxe5 49. Kd3 Qg3+ 50. Nf3 Ra6 51. c5 Rf6 52. Qa8+ Kg7 53.
Ke3 Qf4+ 54. Ke2 Qc4+ 55. Ke3 Qxc5+ 56. Nd4 Qc1+ 57. Kd3 Qxb2 58. Qc8 Qb1+ 59.
Ke3 Qg1+ 60. Kd3 Qg3+ 61. Kd2 Rf2+ 62. Ne2 Qxh4 63. Qc3+ Rf6 64. Qe5 Qb4+ 65.
Ke3 Qd6 66. Qb2 Qb6+ 0-1

[Event "39th Olympiad Women"]
[Site "Khanty-Mansiysk RUS"]
[Date "2010.09.30"]
[Round "9"]
[White "Eric, Jovana"]
[Black "Gunina, Valentina"]
[Result "0-1"]
[WhiteTitle "WIM"]
[BlackTitle "WGM"]
[WhiteElo "2218"]
[BlackElo "2465"]
[Board "1.4"]
[WhiteTeam "SRB"]
[BlackTeam "RUS1"]
[WhiteFideId "938238"]
[BlackFideId "4167570"]
[EventDate "2010.09.21"]
[EventType "team"]

1. e4 c6 2. d4 d5 3. Nc3 dxe4 4. Nxe4 Bf5 5. Ng3 Bg6 6. N1e2 e6 7. h4 h6 8. Nf4
Bh7 9. Bc4 Nf6 10. c3 Bd6 11. Qe2 O-O 12. O-O Re8 13. Qf3 Nbd7 14. Nfh5 Nxh5 15.
Qxh5 Nf6 16. Qf3 Nd5 17. Bxd5 exd5 18. Bf4 Be4 19. Nxe4 Rxe4 20. Bg3 Qe7 21.
Bxd6 Qxd6 22. g3 Rae8 23. a4 Qg6 24. Kh2 R8e6 25. Rad1 Rf6 26. Qg2 Re2 27. Rde1
Rxb2 28. Kg1 Qd3 29. Qh3 Kh7 30. Rd1 Qxc3 0-1

[Event "39th Olympiad Women"]
[Site "Khanty-Mansiysk RUS"]
[Date "2010.09.30"]
[Round "9"]
[White "Dzagnidze, Nana"]
[Black "Pogonina, Natalija"]
[Result "1-0"]
[WhiteTitle "GM"]
[BlackTitle "WGM"]
[WhiteElo "2534"]
[BlackElo "2491"]
[Board "2.1"]
[WhiteTeam "GEO"]
[BlackTeam "RUS2"]
[WhiteFideId "13601903"]
[BlackFideId "4147855"]
[EventDate "2010.09.21"]
[EventType "team"]

1. d4 Nf6 2. c4 e6 3. Nc3 Bb4 4. Qc2 O-O 5. a3 Bxc3+ 6. Qxc3 d5 7. Bg5 c5 8.
cxd5 cxd4 9. Qxd4 Nc6 10. Qh4 Qa5+ 11. b4 Qxd5 12. Bxf6 gxf6 13. Qxf6 Rd8 14.
Nf3 e5 15. e3 Qb3 16. Qg5+ Kf8 17. Qh6+ Ke8 18. Nd2 Rxd2 19. Bb5 Rd8 20. O-O Be6
21. Rac1 Rac8 22. Qxh7 Qxa3 23. Rc5 Qxb4 24. Rxe5 Ke7 25. Bxc6 bxc6 26. f4 Rd5
27. Rb1 Qd6 28. Qh4+ Kd7 29. Qh5 Rb8 30. Ra1 Qc5 31. Rxd5+ Qxd5 32. Rd1 Rb1 33.
Qxd5+ Bxd5 34. Rxb1 Kc7 35. g4 a5 36. h4 a4 37. Ra1 Bb3 38. h5 1-0

[Event "39th Olympiad Women"]
[Site "Khanty-Mansiysk RUS"]
[Date "2010.09.30"]
[Round "9"]
[White "Hoang Thanh Trang"]
[Black "Hou, Yifan"]
[Result "1/2-1/2"]
[WhiteTitle "GM"]
[BlackTitle "GM"]
[WhiteElo "2482"]
[BlackElo "2578"]
[Board "3.1"]
[WhiteTeam "HUN"]
[BlackTeam "CHN"]
[WhiteFideId "12400149"]
[BlackFideId "8602980"]
[EventDate "2010.09.21"]
[EventType "team"]

1. d4 e6 2. Nf3 Nf6 3. Bf4 b6 4. e3 c5 5. c3 Be7 6. h3 O-O 7. Bd3 cxd4 8. cxd4
Ba6 9. O-O Bxd3 10. Qxd3 Nc6 11. a3 d5 12. Nbd2 Bd6 13. Rac1 Rc8 14. Bxd6 Qxd6
15. Rc3 Ne7 16. Rfc1 Qb8 17. Ne5 Rxc3 18. Rxc3 Rc8 19. Qc2 Rxc3 20. Qxc3 Qd6 21.
b4 Nd7 22. b5 Nb8 23. a4 f6 24. Nd3 a6 25. bxa6 Nxa6 26. a5 bxa5 27. Qxa5 1/2-1/2

[Event "39th Olympiad Women"]
[Site "Khanty-Mansiysk RUS"]
[Date "2010.09.30"]
[Round "9"]
[White "Ju, Wenjun"]
[Black "Madl, Ildiko"]
[Result "1-0"]
[WhiteTitle "WGM"]
[BlackTitle "IM"]
[WhiteElo "2516"]
[BlackElo "2397"]
[Board "3.2"]
[WhiteTeam "CHN"]
[BlackTeam "HUN"]
[WhiteFideId "8603006"]
[BlackFideId "700550"]
[EventDate "2010.09.21"]
[EventType "team"]

1. d4 d5 2. c4 c6 3. Nf3 Nf6 4. Nc3 e6 5. Bg5 Nbd7 6. e3 Be7 7. Bd3 O-O 8. O-O
h6 9. Bh4 b6 10. Qe2 Ne4 11. Bxe7 Nxc3 12. bxc3 Qxe7 13. cxd5 cxd5 14. a4 Bb7
15. a5 Qd6 16. Qb2 Rfc8 17. Ra3 Bc6 18. Qb4 Qc7 19. axb6 Qxb6 20. Rfa1 Rc7 21.
Ra5 Rb8 22. Qa3 g6 23. h4 Rcb7 24. Qd6 Qc7 25. Qxc7 Rxc7 26. Rxa7 Rxa7 27. Rxa7
Kf8 28. Rc7 Rb6 29. c4 dxc4 30. Bxc4 Bxf3 31. Rxd7 Bc6 32. Rc7 Ba4 33. Bd3 Kg7
34. Kh2 Rd6 35. Be4 Bd1 36. Rc1 Be2 37. Rc5 Kf6 38. Rc6 Rd7 39. d5 g5 40. Kg3
Ke5 41. dxe6 fxe6 42. f3 gxh4+ 43. Kxh4 Bf1 44. Rc2 Rd1 45. g4 Bd3 46. Bxd3 Rxd3
47. Re2 Kf6 48. Kg3 e5 49. e4 Ra3 50. Rd2 Ra6 51. Rh2 Kg6 52. Rh5 Ra5 53. Rf5
Rb5 54. Kf2 Rb2+ 55. Ke3 Rb3+ 56. Ke2 Rb2+ 57. Kd3 Rb5 58. Kc4 Rb1 59. Rxe5 Rf1
60. Rf5 Rd1 61. e5 Rc1+ 62. Kd5 1-0

[Event "39th Olympiad Women"]
[Site "Khanty-Mansiysk RUS"]
[Date "2010.09.30"]
[Round "9"]
[White "Vajda, Szidonia"]
[Black "Zhao, Xue"]
[Result "0-1"]
[WhiteTitle "IM"]
[BlackTitle "GM"]
[WhiteElo "2342"]
[BlackElo "2469"]
[Board "3.3"]
[WhiteTeam "HUN"]
[BlackTeam "CHN"]
[WhiteFideId "723894"]
[BlackFideId "8601283"]
[EventDate "2010.09.21"]
[EventType "team"]

1. e4 c6 2. d4 d5 3. exd5 cxd5 4. c4 Nf6 5. Nc3 e6 6. Nf3 Bb4 7. cxd5 Nxd5 8.
Bd2 Nc6 9. Bd3 Be7 10. Nxd5 Qxd5 11. O-O O-O 12. Bc3 b5 13. Re1 b4 14. Be4 Qb5
15. a4 Qa6 16. Ne5 Nxe5 17. Bxa8 Nd3 18. Re3 bxc3 19. Rxd3 cxb2 20. Rb1 Bd7 21.
Be4 f5 22. Bf3 Bxa4 23. Qd2 Bg5 24. Re3 Bxe3 25. fxe3 Rb8 26. Rxb2 Rxb2 27. Qxb2
Qb6 28. Qc1 Bd7 29. g4 fxg4 30. Bxg4 a5 31. d5 Qd6 32. Bxe6+ Bxe6 33. dxe6 Qxe6
34. Qc5 a4 35. Qa7 Qg6+ 36. Kh1 Qe4+ 37. Kg1 h6 38. Kf2 Kh7 39. Qc5 Qh4+ 40. Kf1
Qe4 41. Kf2 Kg6 42. Qd6+ Kh5 43. Qd1+ Kh4 44. Qd6 Qg4 45. e4 Qxe4 46. Qg3+ Kh5
47. Qxg7 Qf4+ 48. Ke1 a3 49. Qa7 Qf3 50. Qc5+ Kg4 51. Qc4+ Kh3 52. Qe6+ Kg2 53.
Qg6+ Kh1 54. Qxh6 Qc3+ 55. Kf2 a2 56. Qa6 Qd4+ 57. Ke2 Qb2+ 0-1

[Event "39th Olympiad Women"]
[Site "Khanty-Mansiysk RUS"]
[Date "2010.09.30"]
[Round "9"]
[White "Huang, Qian"]
[Black "Gara, Ticia"]
[Result "1/2-1/2"]
[WhiteTitle "WGM"]
[BlackTitle "WGM"]
[WhiteElo "2436"]
[BlackElo "2348"]
[Board "3.4"]
[WhiteTeam "CHN"]
[BlackTeam "HUN"]
[WhiteFideId "8602689"]
[BlackFideId "717444"]
[EventDate "2010.09.21"]
[EventType "team"]

1. d4 Nf6 2. c4 g6 3. Nc3 d5 4. Bf4 Bg7 5. Nf3 O-O 6. Rc1 dxc4 7. e4 Bg4 8. Bxc4
Bxf3 9. gxf3 Nh5 10. Be3 e5 11. dxe5 Bxe5 12. Qxd8 Rxd8 13. O-O Nd7 14. Rc2 Nb6
15. Bb3 Nf4 16. a4 c6 17. a5 Nc8 18. Rd1 Rxd1+ 19. Nxd1 Nd6 20. Rd2 Kf8 21. Bc5
Ke7 22. Ne3 Ne6 23. Ba3 Nd4 24. Bd1 Nb5 25. Bc5 b6 26. axb6 axb6 27. Bxb6 Ra2
28. Rc2 Rxb2 29. Rxc6 Rb1 30. Kg2 Kd7 31. Rc2 Nc3 32. Rxc3 Bxc3 33. Ba4+ Ke6 34.
Nd5 Ba1 35. Bc5 g5 36. h4 h6 37. hxg5 hxg5 38. Be3 f6 39. f4 Nc4 40. fxg5 Nxe3+
41. Nxe3 fxg5 42. Ng4 Bd4 43. Bc6 Rb2 44. Bd5+ Kd6 45. Bf7 Rb8 46. Bd5 Rf8 47.
Kg3 Be5+ 48. Kg2 Rf4 49. Nh6 Kc5 50. Nf7 Kd4 51. Nxe5 Kxe5 52. f3 Kd4 53. Be6
Ke3 54. Bg4 Ke2 55. e5 Rb4 56. e6 Ke3 57. e7 Rb8 58. Bd7 Kf4 59. e8=Q Rxe8 60.
Bxe8 1/2-1/2

[Event "39th Olympiad Women"]
[Site "Khanty-Mansiysk RUS"]
[Date "2010.09.30"]
[Round "9"]
[White "Zhukova, Natalia"]
[Black "Golubenko, Valentina"]
[Result "1/2-1/2"]
[WhiteTitle "GM"]
[BlackTitle "WGM"]
[WhiteElo "2499"]
[BlackElo "2278"]
[Board "4.1"]
[WhiteTeam "UKR"]
[BlackTeam "CRO"]
[WhiteFideId "14101513"]
[BlackFideId "4501993"]
[EventDate "2010.09.21"]
[EventType "team"]

1. d4 Nf6 2. c4 c5 3. d5 b5 4. cxb5 a6 5. e3 e6 6. Nc3 exd5 7. Nxd5 Bb7 8. Nxf6+
Qxf6 9. Nf3 Be7 10. b6 O-O 11. Be2 d5 12. O-O Qxb6 13. b3 Bf6 14. Rb1 Nc6 15.
Bb2 d4 16. Nd2 Rad8 17. Bf3 dxe3 18. fxe3 1/2-1/2

[Event "39th Olympiad Women"]
[Site "Khanty-Mansiysk RUS"]
[Date "2010.09.30"]
[Round "9"]
[White "Gaponenko, Inna"]
[Black "Franciskovic, Borka"]
[Result "1-0"]
[WhiteTitle "IM"]
[BlackTitle "WIM"]
[WhiteElo "2469"]
[BlackElo "2282"]
[Board "4.3"]
[WhiteTeam "UKR"]
[BlackTeam "CRO"]
[WhiteFideId "14101181"]
[BlackFideId "14507943"]
[EventDate "2010.09.21"]
[EventType "team"]

1. e4 c6 2. d4 d5 3. exd5 cxd5 4. c4 Nf6 5. Nc3 g6 6. cxd5 Nxd5 7. Qb3 Nb6 8.
Bb5+ Bd7 9. Nf3 Bg7 10. Ne5 O-O 11. Nxd7 N8xd7 12. O-O Nf6 13. Rd1 Nc8 14. Be2
Nd6 15. Bf3 Rc8 16. Bf4 Qd7 17. h3 b6 18. Be5 Nc4 19. Rac1 h5 20. Be2 Na5 21.
Qb5 Nc6 22. Bf3 Nxe5 23. dxe5 Qxb5 24. Nxb5 Rxc1 25. Rxc1 Nh7 26. Nxa7 Bxe5 27.
b3 e6 28. Nc8 Bd4 29. Rc6 b5 30. Nd6 Rb8 31. b4 Nf6 32. Be2 Nd5 33. Nxb5 Bb2 34.
Rc2 Be5 35. a3 Ra8 36. g3 Kg7 37. Bf3 Rb8 38. Bxd5 exd5 39. Rc5 Rd8 40. Nc3 d4
41. Rxe5 dxc3 42. Rc5 Rd3 43. b5 h4 44. gxh4 Rxh3 45. Kg2 Rd3 46. a4 Rd4 47. a5
Rg4+ 48. Kh3 Ra4 49. b6 c2 50. Rxc2 Rxa5 51. Rb2 Ra8 52. b7 Rb8 53. Kg4 f6 54.
h5 gxh5+ 55. Kxh5 Kf7 56. Kg4 Ke6 57. Kf4 Ke7 58. Kf5 Kf7 59. Rb6 Ke7 60. f4 Kf7
61. Rxf6+ Ke7 62. Rb6 Rf8+ 63. Kg6 Rg8+ 64. Kh7 Rb8 65. Kg7 1-0

[Event "39th Olympiad Women"]
[Site "Khanty-Mansiysk RUS"]
[Date "2010.09.30"]
[Round "9"]
[White "Solic, Kristina"]
[Black "Muzychuk, Mariya"]
[Result "0-1"]
[WhiteTitle "WIM"]
[BlackTitle "IM"]
[WhiteElo "2225"]
[BlackElo "2464"]
[Board "4.4"]
[WhiteTeam "CRO"]
[BlackTeam "UKR"]
[WhiteFideId "14507323"]
[BlackFideId "14114550"]
[EventDate "2010.09.21"]
[EventType "team"]

1. e4 c5 2. Nf3 e6 3. c3 Nf6 4. e5 Nd5 5. d4 cxd4 6. cxd4 d6 7. Bc4 Nc6 8. O-O
Be7 9. Qe2 O-O 10. Nc3 dxe5 11. dxe5 Nxc3 12. bxc3 b6 13. Rd1 Qc7 14. Bd3 Bb7
15. Qe4 g6 16. Bh6 Rfd8 17. Qf4 Rd5 18. Be4 Rc5 19. Bxc6 Qxc6 20. Bg5 Bf8 21.
Rd4 Rd5 22. Rad1 Qxc3 23. Rc1 Rxd4 24. Nxd4 Qb4 25. h4 Rc8 26. Rxc8 Bxc8 27. Bf6
Bb7 28. Kh2 Qb1 29. Qd2 Bd5 30. a4 Qb4 31. Qd1 Bc5 32. Nf3 Bxf2 33. h5 Qg4 0-1

[Event "39th Olympiad Women"]
[Site "Khanty-Mansiysk RUS"]
[Date "2010.09.30"]
[Round "9"]
[White "Ordaz Valdes, Lisandra Teresa"]
[Black "Tania, Sachdev"]
[Result "1/2-1/2"]
[WhiteTitle "WIM"]
[BlackTitle "IM"]
[WhiteElo "2359"]
[BlackElo "2382"]
[Board "5.1"]
[WhiteTeam "CUB"]
[BlackTeam "IND"]
[WhiteFideId "3506940"]
[BlackFideId "5007844"]
[EventDate "2010.09.21"]
[EventType "team"]

1. d4 Nf6 2. c4 e6 3. Nf3 b6 4. g3 Bb7 5. Bg2 Be7 6. Nc3 O-O 7. O-O Ne4 8. Bd2
f5 9. Qc2 Bf6 10. Rad1 Qc8 11. d5 Nd6 12. b3 Na6 13. Bf4 Nf7 14. e4 g6 15. exf5
exf5 16. Rfe1 Nb4 17. Qd2 a5 18. Ne5 Na6 19. Nb5 Nxe5 20. Bxe5 Bxe5 21. Rxe5 Rf7
22. Rde1 Qf8 23. d6 Bxg2 24. Kxg2 c6 25. Nc3 Nc5 26. Qd4 Ne6 27. Qd2 f4 28. Na4
Qh6 29. Kh1 Qh3 30. Qd3 Rb8 31. Qf3 Qh6 32. g4 Qf8 33. Qd3 f3 34. c5 bxc5 35.
Nxc5 Nxc5 36. Rxc5 Re8 37. Rce5 Rxe5 38. Rxe5 Rf4 39. g5 Qg7 40. Re8+ Rf8 41.
Qc4+ Kh8 42. Re1 Qb2 43. h3 Qd2 44. Qc1 Qxf2 45. Qc3+ Kg8 46. Qc4+ Kh8 47. Qc3+
Kg8 48. Qc4+ 1/2-1/2

[Event "39th Olympiad Women"]
[Site "Khanty-Mansiysk RUS"]
[Date "2010.09.30"]
[Round "9"]
[White "Marrero Lopez, Yaniet"]
[Black "Meenakshi, Subbaraman"]
[Result "1/2-1/2"]
[WhiteTitle "WGM"]
[BlackTitle "WGM"]
[WhiteElo "2324"]
[BlackElo "2336"]
[Board "5.3"]
[WhiteTeam "CUB"]
[BlackTeam "IND"]
[WhiteFideId "3503950"]
[BlackFideId "5004381"]
[EventDate "2010.09.21"]
[EventType "team"]

1. e4 e5 2. Nf3 Nf6 3. Nxe5 d6 4. Nf3 Nxe4 5. Nc3 Nxc3 6. dxc3 Be7 7. Be3 Nc6 8.
Qd2 Bg4 9. Be2 Qd7 10. O-O-O O-O-O 11. h3 Be6 12. Bb5 a6 13. Ba4 Bf6 14. Bd4
Bxd4 15. Nxd4 b5 16. Bb3 Nxd4 17. cxd4 Bxb3 18. axb3 d5 19. Rhe1 Rhe8 20. Rxe8 1/2-1/2

[Event "39th Olympiad Women"]
[Site "Khanty-Mansiysk RUS"]
[Date "2010.09.30"]
[Round "9"]
[White "Mohota, Nisha"]
[Black "Arribas Robaina, Maritza"]
[Result "1/2-1/2"]
[WhiteTitle "WGM"]
[BlackTitle "WGM"]
[WhiteElo "2332"]
[BlackElo "2282"]
[Board "5.4"]
[WhiteTeam "IND"]
[BlackTeam "CUB"]
[WhiteFideId "5004330"]
[BlackFideId "3501418"]
[EventDate "2010.09.21"]
[EventType "team"]

1. d4 d5 2. c4 c6 3. Nf3 Nf6 4. e3 a6 5. Bd3 g6 6. O-O Bg7 7. c5 Nbd7 8. Nc3 O-O
9. Bd2 Re8 10. b4 e5 11. Nxe5 Nxe5 12. dxe5 Rxe5 13. Rc1 Ne4 14. Be1 Nxc3 15.
Bxc3 Rh5 16. Be2 Rh4 17. Bxg7 Kxg7 18. Qd2 Re4 19. Bf3 Re8 20. Rfd1 Bf5 21. Qc3+
Qf6 22. Rd4 h5 23. a3 Re7 24. Kf1 Rae8 25. Rd2 1/2-1/2